El problema de Dios según Heidegger: y otros ensayos de fenomenología religión y cristianismo
Saved in:
| Hovedforfatter: | |
|---|---|
| Format: | Bog |
| Sprog: | spansk |
| Udgivet: |
Valparaíso
Ediciones Universitarias de Valparaíso
2014
|
| Udgivelse: | 1a. ed |
| Fag: | |
| Tags: |
Tilføj Tag
Ingen Tags, Vær først til at tagge denne postø!
|
MARC
| LEADER | 00000cam a2200000 a 4500 | ||
|---|---|---|---|
| 001 | UCD2726 | ||
| 003 | CL-VaPUC | ||
| 008 | 160505e20140000cl |||||||||||||||||spa|d | ||
| 020 | |a 9789561705982 | ||
| 082 | 0 | 4 | |a 200.1 |b SOL |2 21 |
| 100 | 0 | |a Solari Alliende, Enzo |e author |9 586088 | |
| 245 | 1 | 3 | |a El problema de Dios según Heidegger: y otros ensayos de fenomenología religión y cristianismo |
| 250 | |a 1a. ed | ||
| 300 | |a 377 p | ||
| 942 | |c BK | ||
| 945 | |d 20160505 16:04:00 |a arojas | ||
| 260 | |a Valparaíso |b Ediciones Universitarias de Valparaíso |c 2014 | ||
| 650 | 0 | |a Filosofía de la religión |9 256017 | |
| 650 | 7 | |a TEORIA DE LA RELIGION |2 CL-VaPUC |9 519249 | |
| 583 | |a last modification |c 20160505 16:04:00 |k Rodrigo Vera | ||
| 999 | |c 363847 |d 363845 | ||
| 952 | |0 0 |1 0 |3 erb |4 0 |6 200_100000000000000_SOL_2014 |7 0 |8 X |9 476673 |a FDOBUD |b FDOBUD |i 5303052 |o 200.1 SOL 2014 |p 5303052 |r 2019-11-24 |w 2019-11-24 |y BK_X |z Catalogado en:20160505 |k FHP | ||
| 952 | |0 0 |1 0 |3 erb |4 0 |6 200_100000000000000_SOL_2014 |7 0 |8 A |9 476674 |a BIBHIS |b BIBHIS |i 5354242 |o 200.1 SOL 2014 |p 5354242 |r 2025-01-20 |w 2019-11-24 |y BK |z Catalogado en:20161201 |k HIS | ||